书目信息 |
| 题名: |
平面构成
|
|
| 作者: | 洪兴宇 , 邱松 编著 ;清华大学美术学院 主编 | |
| 分册: | ||
| 出版信息: | 武汉 湖北美术出版社 2001.10 |
|
| 页数: | 100页 | |
| 开本: | 29cm | |
| 丛书名: | ||
| 单 册: | ||
| 中图分类: | J061 | |
| 科图分类: | ||
| 主题词: | 平面--构图 (美术)--造型设计--高等学校 | |
| 电子资源: | ||
| ISBN: | 7-5394-1168-6 | |
| 000 | 00986nam0 2200265 450 | |
| 001 | 0142322797 | |
| 005 | 20050822143949.06 | |
| 010 | @a7-5394-1168-6@d24.00CNY | |
| 100 | @a20050416d2001 km y0chiy0120 ea | |
| 101 | 0 | @achi |
| 102 | @aCN@b420000 | |
| 105 | @aa a 000yy | |
| 200 | 1 | @a平面构成@Aping mian gou cheng@f洪兴宇, 邱松编著@Fhong xing yu,qiu song bian zhu@g清华大学美术学院主编@Gqing hua da xue mei shu xue yuan zhu bian |
| 210 | @a武汉@c湖北美术出版社@d2001.10 | |
| 215 | @a100页@c图 (部分彩图)@d29cm | |
| 320 | @a有书目 (第79页)。 | |
| 330 | @a本书共有4章,包括:"构成与平面构成"、"形象"、"平面构成的基本形式"、"图形想象"等。 | |
| 333 | @a高等教育自学考试 (艺术设计专业) 指定教材 | |
| 606 | 0 | @a平面@x构图 (美术)@x造型设计@x高等学校 |
| 690 | @aJ061@v4 | |
| 701 | 0 | @a洪兴宇@Ahong xing yu@4编著 |
| 701 | 0 | @a邱松@Aqiu song@4编著 |
| 712 | 02 | @a清华大学美术学院@Aqing hua da xue mei shu xue yuan@4主编 |
| 801 | 0 | @aCN@bQSSK@c20050822 |
| 905 | @a10447@dJ061@eH414 | |
| 平面构成/洪兴宇, 邱松编著/清华大学美术学院主编.-武汉:湖北美术出版社,2001.10 |
| 100页:图 (部分彩图);29cm |
| 使用对象:高等教育自学考试 (艺术设计专业) 指定教材 |
| ISBN 7-5394-1168-6:24.00CNY |
| 本书共有4章,包括:"构成与平面构成"、"形象"、"平面构成的基本形式"、"图形想象"等。 |
| ● |
| 相关链接 |
|
|
|
正题名:平面构成
索取号:J061/H414
 
预约/预借
| 序号 | 登录号 | 条形码 | 馆藏地/架位号 | 状态 | 备注 |
| 1 | 564690 | 205646906 | 社科库309/309社科库 63排3列6层/ [索取号:J061/H414] | 在馆 | |
| 2 | 564691 | 205646915 | 社科库309/309社科库 63排3列6层/ [索取号:J061/H414] | 在馆 | |
| 3 | 564692 | 205646924 | 社科库309/309社科库 63排3列6层/ [索取号:J061/H414] | 在馆 |